Famous Steves - Statistics

General Stats
  • This quiz has been taken 27 times
  • The average score is 10 of 16
Answer Stats
Picture Hint Answer % Correct
Mac Jobs
100%
Scientist Hawking
96%
Jurassic Park Spielberg
81%
Crocodile Hunter Irwin
78%
Horror Novels King
78%
Family Feud Harvey
70%
Dream On Tyler
70%
The Office Carrell
67%
"From Three!" Curry
67%
90's Action Star Seagal
59%
Father of the Bride Martin
56%
The _____ Report Colbert
48%
WWE Legend Austin
44%
Adam Sandler Movies Buscemi
44%
Journey Perry
41%
EDM and Cake Aoki
33%
No matching quizzes found
Score Distribution
Percent of People with Each Score
Percentile by Number Answered
Your Score History
You have not taken this quiz